Expository preaching : (Record no. 915)
[ view plain ]
| 000 -LEADER | |
|---|---|
| fixed length control field | 01001cam a22003258a 4500 |
| 001 - CONTROL NUMBER | |
| control field | 780718 |
| 003 - CONTROL NUMBER IDENTIFIER | |
| control field | GBCCL |
| 005 - DATE AND TIME OF LATEST TRANSACTION | |
| control field | 20241126110348.0 |
| 008 - FIXED-LENGTH DATA ELEMENTS--GENERAL INFORMATION | |
| fixed length control field | 881130r19861980enk 00110 eng d |
| 010 ## - | |
| -- | GB 85047422 |
| 015 ## - | |
| -- | GB85-47422 |
| 020 ## - INTERNATIONAL STANDARD BOOK NUMBER | |
| International Standard Book Number | 0851107583 (pbk) : |
| Terms of availability | �4.95 (Mar.) |
| 035 ## - SYSTEM CONTROL NUMBER | |
| System control number | (OCoLC)ocn687524582 |
| 035 ## - SYSTEM CONTROL NUMBER | |
| System control number | (CStRLIN)CTYT88-B4391 |
| 035 ## - SYSTEM CONTROL NUMBER | |
| System control number | 780718 |
| 040 ## - CATALOGING SOURCE | |
| Original cataloging agency | Uk |
| Transcribing agency | Uk |
| Modifying agency | DLC |
| -- | CStRLIN |
| -- | CtY-D |
| 050 14 - | |
| -- | BV4211.2 |
| 082 04 - DEWEY DECIMAL CLASSIFICATION NUMBER | |
| Classification number | 251 |
| Edition information | 19 |
| Item number | ROB |
| 090 ## - LOCALLY ASSIGNED LC-TYPE CALL NUMBER (OCLC); LOCAL CALL NUMBER (RLIN) | |
| Classification number (OCLC) (R) ; Classification number, CALL (RLIN) (NR) | BV4211.2 |
| 100 1# - MAIN ENTRY--PERSONAL NAME | |
| Personal name | Robinson, Haddon W. |
| 9 (RLIN) | 1464 |
| 245 10 - TITLE STATEMENT | |
| Title | Expository preaching : |
| Remainder of title | principles and practice / |
| Statement of responsibility, etc. | Haddon W. Robinson ; foreword by J.A. Motyer. |
| 260 0# - PUBLICATION, DISTRIBUTION, ETC. | |
| Place of publication, distribution, etc. | Leicester : |
| Name of publisher, distributor, etc. | Inter-Varsity, |
| Date of publication, distribution, etc. | 1989, c1980. |
| 300 ## - PHYSICAL DESCRIPTION | |
| Extent | x, 9-230 p. ; |
| Dimensions | 21 cm. |
| 500 ## - GENERAL NOTE | |
| General note | Originally published: Grand Rapids : Baker Book House, 1980. |
| 500 ## - GENERAL NOTE | |
| General note | Includes index. |
| 504 ## - BIBLIOGRAPHY, ETC. NOTE | |
| Bibliography, etc. note | Bibliography: p. 221-224. |
| 630 00 - SUBJECT ADDED ENTRY--UNIFORM TITLE | |
| Uniform title | Bible |
| General subdivision | Homiletical use. |
| 9 (RLIN) | 1148 |
| 650 #0 - SUBJECT ADDED ENTRY--TOPICAL TERM | |
| Topical term or geographic name entry element | Preaching. |
| 9 (RLIN) | 404 |
| 942 ## - ADDED ENTRY ELEMENTS (KOHA) | |
| Source of classification or shelving scheme | Dewey Decimal Classification |
| Koha item type | Books |
| Withdrawn status | Lost status | Source of classification or shelving scheme | Damaged status | Not for loan | Home library | Current Library | Shelving location | Date acquired | Total checkouts | Full call number | Barcode | Date last seen | Date last checked out | Copy number | Price effective from | Koha item type |
|---|---|---|---|---|---|---|---|---|---|---|---|---|---|---|---|---|
| Dewey Decimal Classification | GRACE BIBLE COLLEGE | GRACE BIBLE COLLEGE | Ministry & Mission | 2017-03-27 | 1 | 251 ROB | 004815 | 2025-06-24 | 2025-06-16 | c.1 | 2017-03-27 | Books |